Advanced computer architectures : (Record no. 176317)
[ view plain ]
| 000 -LEADER | |
|---|---|
| fixed length control field | 00740 a2200181 4500 |
| 003 - CONTROL NUMBER IDENTIFIER | |
| control field | Nust |
| 005 - DATE AND TIME OF LATEST TRANSACTION | |
| control field | 20220726160645.0 |
| 020 ## - INTERNATIONAL STANDARD BOOK NUMBER | |
| International Standard Book Number | 9814053740 |
| 040 ## - CATALOGING SOURCE | |
| Transcribing agency | Nust |
| 082 ## - DEWEY DECIMAL CLASSIFICATION NUMBER | |
| Classification number | 004.22,SIM |
| 100 ## - MAIN ENTRY--PERSONAL NAME | |
| Personal name | Sima, Dezso |
| 9 (RLIN) | 95331 |
| 245 ## - TITLE STATEMENT | |
| Title | Advanced computer architectures : |
| Remainder of title | A design space approach / |
| Statement of responsibility, etc. | Dezso Sima, Terence Fountain, Peter Kacsuk |
| 260 ## - PUBLICATION, DISTRIBUTION, ETC. | |
| Place of publication, distribution, etc. | England |
| Name of publisher, distributor, etc. | Addison- wesley |
| Date of publication, distribution, etc. | 1998 |
| 300 ## - PHYSICAL DESCRIPTION | |
| Extent | xxiii,766 p. : |
| 505 ## - FORMATTED CONTENTS NOTE | |
| Formatted contents note | PART-1: Computational Models (Page-1), PART-2: Instruction-Level Parallel Processors (Page-87), PART-3: Instruction-Level Data Parallel Architectures (Page-409), PART-4: Thread and Process-Level Parallel Architectures (Page-533). |
| 650 ## - SUBJECT ADDED ENTRY--TOPICAL TERM | |
| Topical term or geographic name entry element | computer Architectures |
| 9 (RLIN) | 95332 |
| 942 ## - ADDED ENTRY ELEMENTS (KOHA) | |
| Source of classification or shelving scheme | |
| Koha item type | Book |
| Call number prefix | 004.22,SIM |
| Withdrawn status | Lost status | Source of classification or shelving scheme | Damaged status | Not for loan | Permanent Location | Current Location | Shelving location | Date acquired | Full call number | Barcode | Date last seen | Price effective from | Koha item type | Public note |
|---|---|---|---|---|---|---|---|---|---|---|---|---|---|---|
| Military College of Signals (MCS) | Military College of Signals (MCS) | General Stacks | 12/12/2016 | 004.22,SIM | MCS28624 | 12/08/2016 | 12/12/2016 | Book | Almirah No.2, Self No.4 |
